[Event "Hessen-ch Seniors op 08th"]
[Site "Bad Sooden-Allendorf"]
[Date "2012.04.15"]
[Round "2"]
[White "Schiller, Hans"]
[Black "Fritsche, Rainer"]
[Result "1-0"]
[WhiteElo "1837"]
[BlackElo "1670"]
[PlyCount "93"]
[EventDate "2012.04.14"]
[EventType "swiss"]
[EventRounds "9"]
[EventCountry "GER"]
[SourceTitle "EXT 2019"]
[Source "ChessBase"]
[SourceDate "2018.10.10"]
[SourceVersion "1"]
[SourceVersionDate "2018.10.10"]
[SourceQuality "1"]

1. d4 d5 2. Nf3 Nf6 3. e3 Bg4 4. Be2 e6 5. 0-0 Nbd7 6. h3 Bh5 7. c4 c6 8. Nc3 Bd6 9. Qb3 Rb8 10. Re1 0-0 11. Bd1 Ne4 12. Nxe4 dxe4 13. Nd2 Bxd1 14. Rxd1 Nf6 15. Qc2 Qe7 16. Nxe4 Nxe4 17. Qxe4 Rfd8 18. c5 Bc7 19. Bd2 Rd5 20. Rac1 f5 21. Qc2 Rd7 22. Bc3 Qf7 23. e4 f4 24. Rd3 Re8 25. b3 Bd8 26. Rf3 g5 27. Rd1 Qg6 28. Re1 Bc7 29. Qb2 h5 30. e5 Rf8 31. g4 h4 32. b4 a6 33. a4 Rb8 34. b5 cxb5 35. axb5 axb5 36. Qxb5 Qg7 37. Rb1 Rd5 38. Rd3 Qd7 39. Qc4 Qc6 40. Rd2 Qe8 41. Rdb2 Qc6 42. Qd3 Kg7 43. Qb5 Rdd8 44. Qxc6 bxc6 45. Rb7 Rxb7 46. Rxb7 Rc8 47. Ba5 1-0

[Event "Hessen-ch Seniors op 07th"]
[Site "Bad Sooden-Allendorf"]
[Date "2011.05.07"]
[Round "8"]
[White "Schiller, Hans"]
[Black "Knobling, Rolf"]
[Result "1-0"]
[WhiteElo "1574"]
[BlackElo "1302"]
[PlyCount "35"]
[EventDate "2011.04.30"]
[EventType "swiss"]
[EventRounds "9"]
[EventCountry "GER"]
[SourceTitle "EXT 2012"]
[Source "ChessBase"]
[SourceDate "2011.11.24"]
[SourceVersion "1"]
[SourceVersionDate "2011.11.24"]
[SourceQuality "1"]

1. d4 d5 2. Nf3 Nf6 3. e3 e6 4. c4 c5 5. Nc3 Be7 6. Be2 0-0 7. 0-0 b6 8. b3 Bb7 9. Bb2 Nbd7 10. Rc1 Rc8 11. h3 h6 12. Ne5 cxd4 13. exd4 Nxe5 14. dxe5 Nd7 15. cxd5 Bxd5 16. Nxd5 Rxc1 17. Nxe7+ Qxe7 18. Qxc1 1-0

[Event "Hessen-ch Seniors op 05th"]
[Site "Bad Sooden-Allendorf"]
[Date "2009.05.03"]
[Round "9"]
[White "Schiller, Hans"]
[Black "Pastowski, Werner"]
[Result "1/2-1/2"]
[WhiteElo "1635"]
[BlackElo "1555"]
[PlyCount "38"]
[EventDate "2009.04.25"]
[EventType "swiss"]
[EventRounds "9"]
[EventCountry "GER"]
[SourceTitle "EXT 2022"]
[Source "ChessBase"]
[SourceDate "2021.10.06"]
[SourceVersion "1"]
[SourceVersionDate "2021.10.06"]
[SourceQuality "1"]

1. d4 Nf6 2. Nf3 g6 3. Bg5 Bg7 4. Nbd2 d5 5. e3 0-0 6. Bd3 Bg4 7. h3 Bxf3 8. Qxf3 c6 9. 0-0 Nbd7 10. c3 Re8 11. Qd1 e5 12. dxe5 Nxe5 13. Be2 h6 14. Bh4 Qd6 15. Bg3 Qe6 16. Qc2 Rad8 17. Rfe1 Re7 18. Rad1 Rde8 19. b4 b5 1/2-1/2

[Event "Hessen-ch Seniors op 05th"]
[Site "Bad Sooden-Allendorf"]
[Date "2009.04.28"]
[Round "4"]
[White "Schwentker, Friedrich"]
[Black "Schiller, Hans"]
[Result "1/2-1/2"]
[WhiteElo "1469"]
[BlackElo "1635"]
[PlyCount "81"]
[EventDate "2009.04.25"]
[EventType "swiss"]
[EventRounds "9"]
[EventCountry "GER"]
[SourceTitle "EXT 2022"]
[Source "ChessBase"]
[SourceDate "2021.10.06"]
[SourceVersion "1"]
[SourceVersionDate "2021.10.06"]
[SourceQuality "1"]

1. e4 c5 2. Nf3 d6 3. c3 Nf6 4. Be2 Nxe4 5. Qa4+ Bd7 6. Qxe4 Bc6 7. Qc2 g6 8. d4 cxd4 9. cxd4 Bg7 10. 0-0 0-0 11. Be3 Nd7 12. Nc3 Rc8 13. Qd2 e6 14. Rfc1 a6 15. Bh6 Nf6 16. Bxg7 Kxg7 17. Ne1 Qd7 18. Bf3 d5 19. Nd3 Qd6 20. Ne5 Be8 21. Ne2 Bb5 22. Rxc8 Rxc8 23. Rc1 Rxc1+ 24. Qxc1 Qb6 25. Qc3 Ne8 26. b3 Nd6 27. Ng3 Be8 28. Nd3 Nb5 29. Qc5 Qa5 30. a4 Qd2 31. Be2 Nc3 32. Bf1 b5 33. axb5 Bxb5 34. Ne5 Bxf1 35. Nxf1 Qe1 36. h3 Ne2+ 37. Kh2 Qxf1 38. Nf3 Qxf2 39. Qd6 Nxd4 40. Qe5+ f6 41. Qxd4 1/2-1/2

[Event "Hessen-ch Seniors op 05th"]
[Site "Bad Sooden-Allendorf"]
[Date "2009.04.25"]
[Round "1"]
[White "Schiller, Hans"]
[Black "Hobusch, Werner"]
[Result "0-1"]
[WhiteElo "1635"]
[BlackElo "2014"]
[PlyCount "88"]
[EventDate "2009.04.25"]
[EventType "swiss"]
[EventRounds "9"]
[EventCountry "GER"]
[SourceTitle "EXT 2022"]
[Source "ChessBase"]
[SourceDate "2021.10.06"]
[SourceVersion "1"]
[SourceVersionDate "2021.10.06"]
[SourceQuality "1"]

1. d4 Nf6 2. Nf3 e6 3. Bg5 Be7 4. e3 b6 5. Bd3 Bb7 6. Nbd2 d5 7. 0-0 h6 8. Bh4 0-0 9. c3 Nbd7 10. Qc2 c5 11. b3 cxd4 12. exd4 Nh5 13. Bxe7 Qxe7 14. Rfe1 Nf4 15. Bf1 Rac8 16. g3 Nh5 17. Qd3 Nhf6 18. Nh4 Ne4 19. Rac1 g5 20. Ng2 Qf6 21. f4 e5 22. dxe5 Nxe5 23. Nxe4 dxe4 24. fxe5 exd3 25. exf6 d2 26. Rcd1 dxe1Q 27. Rxe1 Rfe8 28. Re7 Rxe7 29. fxe7 Re8 30. Ne3 Rxe7 31. Nf5 Re6 32. Bc4 Rf6 33. g4 Kf8 34. Bd3 Bc8 35. Kf2 Bxf5 36. Bxf5 Ke7 37. Ke3 Rd6 38. Bd3 Re6+ 39. Kf2 Kd6 40. b4 Ke5 41. Ke3 Rf6 42. Bf5 h5 43. h3 hxg4 44. hxg4 Rh6 0-1

[Event "Hessen-ch Seniors op 04th"]
[Site "Bad Sooden-Allendorf"]
[Date "2008.04.27"]
[Round "4"]
[White "Schiller, Hans"]
[Black "Braeu, Emmi"]
[Result "1/2-1/2"]
[WhiteElo "1674"]
[BlackElo "1462"]
[PlyCount "113"]
[EventDate "2008.04.24"]
[EventType "swiss"]
[EventRounds "9"]
[EventCountry "GER"]
[SourceTitle "EXT 2022"]
[Source "ChessBase"]
[SourceDate "2021.10.06"]
[SourceVersion "1"]
[SourceVersionDate "2021.10.06"]
[SourceQuality "1"]

1. d4 c5 2. Nf3 Nf6 3. e3 g6 4. c4 Bg7 5. Nc3 cxd4 6. Nxd4 0-0 7. Bd3 d5 8. 0-0 dxc4 9. Bxc4 Nbd7 10. Qc2 Ne5 11. Be2 Bd7 12. Qb3 Rb8 13. Rd1 Qc8 14. Bd2 Nc6 15. Nf3 Be6 16. Qa3 a6 17. Rac1 Qe8 18. h3 Rc8 19. Ng5 Bd7 20. Bf3 h6 21. Nge4 Ne5 22. Nxf6+ Bxf6 23. Bxb7 Nc4 24. Qxa6 Nxb2 25. Re1 Rc5 26. Rb1 Nc4 27. Ne4 Nxd2 28. Nxd2 Bc3 29. Qa3 Bxd2 30. Qxc5 Bxe1 31. Rxe1 Ba4 32. Rc1 Qd8 33. Bc6 Bxc6 34. Qxc6 Qd2 35. Rc2 Qe1+ 36. Kh2 Rd8 37. a4 Qa1 38. Rc5 h5 39. Kg3 Kg7 40. Rc2 Rd6 41. Qc3+ Qxc3 42. Rxc3 Ra6 43. Rc4 g5 44. Rc5 f6 45. a5 e5 46. f4 exf4+ 47. exf4 Kg6 48. Kf3 Rd6 49. fxg5 fxg5 50. Rb5 Rd3+ 51. Ke4 Ra3 52. Rb6+ Kf7 53. a6 Ra5 54. Rh6 Kg7 55. Rb6 Kf7 56. Rb7+ Ke6 57. Rb6+ 1/2-1/2

[Event "Hessen-ch Seniors op 02nd"]
[Site "Bad Sooden-Allendorf"]
[Date "2006.05.07"]
[Round "6"]
[White "Schiller, Hans"]
[Black "Mueller Using, Detlev"]
[Result "0-1"]
[WhiteElo "1724"]
[BlackElo "1862"]
[PlyCount "72"]
[EventDate "2006.04.25"]
[EventType "swiss"]
[EventRounds "9"]
[EventCountry "GER"]
[SourceTitle "EXT 2007"]
[Source "ChessBase"]
[SourceDate "2006.11.23"]
[SourceVersion "1"]
[SourceVersionDate "2006.11.23"]
[SourceQuality "1"]

1. d4 d5 2. Nf3 Bf5 3. e3 e6 4. Bd3 Bg6 5. 0-0 Bd6 6. c4 c6 7. Nc3 Nf6 8. Ng5 Bxd3 9. Qxd3 h6 10. Nf3 Nbd7 11. e4 dxe4 12. Nxe4 Bc7 13. Be3 0-0 14. Rad1 Qe7 15. Ng3 Rfd8 16. Qc3 Ng4 17. Bc1 c5 18. d5 Nde5 19. Rfe1 Qf6 20. Nxe5 Bxe5 21. Qc2 Bd4 22. Ne4 Qg6 23. Qe2 exd5 24. cxd5 Re8 25. Rxd4 cxd4 26. h3 f5 27. Qc4 Rxe4 28. Rxe4 fxe4 29. hxg4 Qf6 30. b3 Rf8 31. Qe2 d3 32. Qe3 Qg5 33. Qxg5 hxg5 34. Bxg5 Kf7 35. f3 e3 36. Bxe3 Rc8 0-1

[Event "Hessen-ch Seniors op 02nd"]
[Site "Bad Sooden-Allendorf"]
[Date "2006.04.25"]
[Round "1"]
[White "Mentel, Juergen"]
[Black "Schiller, Hans"]
[Result "1-0"]
[WhiteElo "1949"]
[BlackElo "1724"]
[PlyCount "77"]
[EventDate "2006.04.25"]
[EventType "swiss"]
[EventRounds "9"]
[EventCountry "GER"]
[SourceTitle "EXT 2007"]
[Source "ChessBase"]
[SourceDate "2006.11.23"]
[SourceVersion "1"]
[SourceVersionDate "2006.11.23"]
[SourceQuality "1"]

1. e4 c5 2. Nf3 d6 3. c3 Nf6 4. Be2 g6 5. 0-0 Bg7 6. Bb5+ Bd7 7. Bxd7+ Nbxd7 8. Re1 0-0 9. d4 e6 10. Bg5 Qc7 11. Na3 a6 12. e5 dxe5 13. dxe5 Ng4 14. Be7 Rfe8 15. Bd6 Qc6 16. Nc4 b5 17. Na5 Qb6 18. Nb3 Rad8 19. Qe2 Nh6 20. Nh4 f6 21. Nf3 Nf5 22. exf6 Bxf6 23. Bf4 e5 24. Be3 Nxe3 25. Qxe3 c4 26. Qxb6 Nxb6 27. Nc5 Kf7 28. Rad1 Na4 29. Nxa4 bxa4 30. Nd2 a3 31. Nxc4 axb2 32. Nd6+ Rxd6 33. Rxd6 Rb8 34. Rb1 a5 35. Rd2 e4 36. Rdxb2 Rxb2 37. Rxb2 Bxc3 38. Rb7+ Kg8 39. Re7 1-0